| 000 | 02741cam a2200409 i 4500 | ||
|---|---|---|---|
| 001 | 17631536 | ||
| 003 | Nust- CAS-E | ||
| 005 | 20180118181404.0 | ||
| 008 | 130220s2013 enka b 001 0 eng | ||
| 010 | _a 2012047244 | ||
| 020 | _a9781119950936 (hardback) | ||
| 020 | _a1119950937 (hardback) | ||
| 028 | _bMultiline Books, | ||
| 040 |
_aDLC _beng _cDLC _erda _dDLC |
||
| 042 | _apcc | ||
| 050 | 0 | 0 |
_aTK2896 _b.C57 2013 |
| 082 | 0 | 0 |
_a621.31 _223 _bCOM 2013 |
| 084 |
_aSCI013050 _2bisacsh |
||
| 245 | 0 | 0 |
_aComputational approaches to energy materials / _cedited by Aron Walsh, Department of Chemistry, University of Bath, UK, Alexey A. Sokol, Department of Chemistry, University College London, UK, C. Richard A. Catlow, Department of Chemistry, University College London, UK. |
| 300 |
_axiv, 300 pages : _billustrations (some color) ; _c26 cm |
||
| 502 | 0 | _a0 | |
| 504 | _aIncludes bibliographical references (page 295) and index. | ||
| 520 | _a"Outlining their strengths, limitations, contemporary, and future applications, Computational Approaches to Energy Materials is the first authoritative resource to present a broad survey of computational techniques for the development of energy materials. Printed in full color to aid interpretation of materials simulations, this accessible and much-needed text includes all current methodologies based on electronic structure, interatomic potential, and hybrid methods. The methodological components are integrated into a comprehensive survey of applications, addressing the major themes in energy research"-- | ||
| 520 | _a"This authoritative but accessible text is the first book on the market presenting a broad survey of computational techniques for the development of energy materials, outlining their strengths, limitations, contemporary and future applications"-- | ||
| 650 | 0 |
_aEnergy storage _xMathematical models. |
|
| 650 | 0 |
_aElectron distribution _xMathematical models. |
|
| 650 | 0 |
_aEnergy conversion _xMathematical models. |
|
| 650 | 7 |
_aSCIENCE / Chemistry / Physical & Theoretical. _2bisacsh |
|
| 700 | 1 |
_aCatlow, C. R. A. _q(Charles Richard Arthur), _d1947, _eeditor of compilation. |
|
| 700 | 1 |
_aWalsh, Aron, _eeditor of compilation. |
|
| 700 | 1 |
_aSokol, Alexey A., _eeditor of compilation. |
|
| 776 | 0 | 8 |
_iOnline version: _tComputational approaches to energy materials _dChichester, West Sussex, United Kingdom : John Wiley & Sons Inc., 2013 _z9781118551431 _w(DLC) 2013007643 |
| 856 | 4 | 2 |
_3Cover image _uhttp://catalogimages.wiley.com/images/db/jimages/9781119950936.jpg |
| 906 |
_a7 _bcbc _corignew _d1 _eecip _f20 _gy-gencatlg |
||
| 942 |
_2ddc _cBK |
||
| 999 |
_c355516 _d355516 |
||